000 00443nam a22001697a 4500
003 NUST - PNEC
005 20170116181040.0
008 150913b xxu||||| |||| 00| 0 eng d
020 _a-
040 _cLIBRARY
082 _a005.369 MAC
100 _910038
_aMacromedia
245 _a Authorware reference : macromedia authorware Version 3
_cMacromedia
260 _cc.1995
650 _910037
_aMacromedia authoware
_xMIS
942 _2ddc
_cBK
999 _c68080
_d68080